Introducción al estudio de la transfusión sanguínea / (Record no. 83507)

MARC details
000 -LEADER
campo de control de longitud fija 00790nam a2200229 i 4500
001 - NÚMERO DE CONTROL
campo de control 83507
003 - IDENTIFICADOR DE NÚMERO DE CONTROL
campo de control ES-MaACL
005 - FECHA Y HORA DE LA ÚLTIMA TRANSACCIÓN
campo de control 20230906174836.0
007 - CAMPO FIJO DE DESCRIPCIÓN FÍSICA--INFORMACIÓN GENERAL
campo de control de longitud fija t|
008 - DATOS DE LONGITUD FIJA--INFORMACIÓN GENERAL
campo de control de longitud fija 041117s1953 sp |||| | spa d
245 00 - MENCIÓN DEL TÍTULO
Título Introducción al estudio de la transfusión sanguínea /
Mención de responsabilidad, etc. por A. Armengol... [et al.] ; prólogo de Francisco García Valdecasas.
260 ## - PUBLICACIÓN, DISTRIBUCIÓN, ETC.
Lugar de publicación, distribución, etc. Madrid :
Nombre del editor, distribuidor, etc. Paz Montalvo,
Fecha de publicación, distribución, etc. 1953 (
Fabricante Diana)
300 ## - DESCRIPCIÓN FÍSICA
Extensión 406 p. ;
Dimensiones 20 cm.
490 1# - MENCIÓN DE SERIE
Mención de serie Monografías de terapéutica general ;
Designación de volumen o secuencia 3
650 #4 - PUNTO DE ACCESO ADICIONAL DE MATERIA--TÉRMINO DE MATERIA
Término de materia o nombre geográfico como elemento de entrada Sangre-
Subdivisión general Transfusión.
9 (RLIN) 144478
700 1# - ENTRADA AGREGADA--NOMBRE PERSONAL
Nombre de persona García-Valdecasas, Francisco.
9 (RLIN) 55355
700 1# - ENTRADA AGREGADA--NOMBRE PERSONAL
Nombre de persona Armengol, A.
9 (RLIN) 22941
830 0# - PUNTO DE ACCESO ADICIONAL DE SERIE-TÍTULO UNIFORME
Título uniforme Monografías de terapéutica general ;
Designación de volumen o secuencia 3
9 (RLIN) 183807
852 ## - LOCALIZACIÓN
Ubicación ES-MaACL
Número de control de estantería C-7295
852 ## - LOCALIZACIÓN
Ubicación ES-MaACL
Número de control de estantería C-6444
Holdings
Estatus retirado Estado de pérdida Estado de daño No para préstamo Biblioteca de origen Biblioteca actual Ubicación en estantería Fecha de adquisición Fuente de adquisición Total de préstamos Signatura topográfica completa Código de barras Visto por última vez Precio de reemplazo Tipo de ítem Koha
        Biblioteca del Ateneo de Madrid Biblioteca del Ateneo de Madrid Sala Palomar 17/01/2008     C-6444 1087281 23/02/2023 23/02/2023 Libro impreso
        Biblioteca del Ateneo de Madrid Biblioteca del Ateneo de Madrid Sala Palomar 17/01/2008     C-7295 1087280 23/02/2023 23/02/2023 Libro impreso